<?xml version="1.0" encoding="UTF-8"?>
<record
    xmlns:xsi="http://www.w3.org/2001/XMLSchema-instance"
    xsi:schemaLocation="http://www.loc.gov/MARC21/slim http://www.loc.gov/standards/marcxml/schema/MARC21slim.xsd"
    xmlns="http://www.loc.gov/MARC21/slim">

  <leader>00887nam a22003017a 4500</leader>
  <controlfield tag="003">DO-SdBNP</controlfield>
  <controlfield tag="005">20171206100109.0</controlfield>
  <controlfield tag="008">060721  1994    sp  a        spa  </controlfield>
  <datafield tag="017" ind1=" " ind2=" ">
    <subfield code="a"> </subfield>
    <subfield code="b"> </subfield>
  </datafield>
  <datafield tag="020" ind1=" " ind2=" ">
    <subfield code="a">8439533896 (v. 2)</subfield>
  </datafield>
  <datafield tag="020" ind1=" " ind2=" ">
    <subfield code="a">8439533861 (o. completa)</subfield>
  </datafield>
  <datafield tag="035" ind1=" " ind2=" ">
    <subfield code="a"> </subfield>
  </datafield>
  <datafield tag="040" ind1=" " ind2=" ">
    <subfield code="a">BPMSU</subfield>
    <subfield code="b">spa</subfield>
    <subfield code="c">BPMSU</subfield>
    <subfield code="e"> </subfield>
  </datafield>
  <datafield tag="082" ind1=" " ind2="4">
    <subfield code="a"> </subfield>
    <subfield code="b"> </subfield>
  </datafield>
  <datafield tag="092" ind1=" " ind2=" ">
    <subfield code="2"> </subfield>
  </datafield>
  <datafield tag="245" ind1="0" ind2="0">
    <subfield code="a">Bichos :</subfield>
    <subfield code="b">descubre el fascinante mundo de los minimonstruos / </subfield>
    <subfield code="h"> </subfield>
    <subfield code="c">coordinador general Gerard Sol&#xE9;</subfield>
  </datafield>
  <datafield tag="260" ind1=" " ind2=" ">
    <subfield code="a">Barcelona : </subfield>
    <subfield code="b">Planeta de Agostini,</subfield>
    <subfield code="c">1994.</subfield>
    <subfield code="e"> </subfield>
    <subfield code="f"> </subfield>
  </datafield>
  <datafield tag="300" ind1=" " ind2=" ">
    <subfield code="a">v.  ;</subfield>
    <subfield code="c">28 cm.</subfield>
  </datafield>
  <datafield tag="500" ind1=" " ind2=" ">
    <subfield code="a">La biblioteca posee el volumen 2.</subfield>
  </datafield>
  <datafield tag="650" ind1=" " ind2=" ">
    <subfield code="2">NOVELA INGLESA  </subfield>
  </datafield>
  <datafield tag="650" ind1=" " ind2="4">
    <subfield code="2">MAGIA - NOVELA  </subfield>
  </datafield>
  <datafield tag="650" ind1=" " ind2="4">
    <subfield code="2">NOVELA JUVENIL INGLESA</subfield>
  </datafield>
  <datafield tag="700" ind1="1" ind2=" ">
    <subfield code="a">Sol&#xE9;, Gerard</subfield>
    <subfield code="e">coordinador</subfield>
  </datafield>
  <datafield tag="942" ind1=" " ind2=" ">
    <subfield code="2">ddc</subfield>
    <subfield code="c">BK</subfield>
  </datafield>
  <datafield tag="945" ind1=" " ind2=" ">
    <subfield code="a">Inventariado, 2017/MFF</subfield>
  </datafield>
  <datafield tag="952" ind1=" " ind2=" ">
    <subfield code="0">0</subfield>
    <subfield code="1">0</subfield>
    <subfield code="2">ddc</subfield>
    <subfield code="4">0</subfield>
    <subfield code="7">0</subfield>
    <subfield code="8">CJ-G</subfield>
    <subfield code="a">BPMET</subfield>
    <subfield code="b">BPMET</subfield>
    <subfield code="d">2017-11-08</subfield>
    <subfield code="e">Sin sellar</subfield>
    <subfield code="l">0</subfield>
    <subfield code="p">BPMSU17110064</subfield>
    <subfield code="r">2017-11-08</subfield>
    <subfield code="w">2017-11-08</subfield>
    <subfield code="y">BK</subfield>
  </datafield>
  <datafield tag="956" ind1=" " ind2=" ">
    <subfield code="a">YLOCKWARD</subfield>
    <subfield code="2">10</subfield>
    <subfield code="6">BPMSU</subfield>
    <subfield code="8">00144</subfield>
  </datafield>
  <datafield tag="980" ind1=" " ind2=" ">
    <subfield code="a"> </subfield>
    <subfield code="a"> </subfield>
    <subfield code="b"> </subfield>
    <subfield code="j"> </subfield>
    <subfield code="c"> </subfield>
  </datafield>
  <datafield tag="999" ind1=" " ind2=" ">
    <subfield code="c">12777</subfield>
    <subfield code="d">12777</subfield>
  </datafield>
</record>
